01735cam a2200313 a 450000100090000000300040000900500170001300800410003001000170007102000180008804000180010604300120012405000210013608200260015710000250018324500570020826000480026530000410031349000710035450400660042550505680049165100480105965100640110765100640117190600450123594200120128099900170129295201120130915607312OSt20170105102904.0090202s2009 ctuab b 001 0 eng  a 2009004607 a9780300115475 aDLCcDLCdDLC ae-uk---00aDA452b.P53 200900a941.067222bPIN 20091 aPincus, Steven C. A.10a1688 :bthe first modern revolution /cSteve Pincus. aNew Haven :bYale University Press,cc2009. axiii, 647 p. :bill., maps ;c26 cm.0 aThe Lewis Walpole series in eighteenth-century culture and history aIncludes bibliographical references (p. [489]-617) and index.0 aThe unmaking of a modern revolution -- Rethinking revolutions -- Going Dutch: the transformation of English society -- English politics at the accession of James II -- The ideology of Catholic modernity -- The practice of Catholic modernity -- Resistance to Catholic modernity -- Popular revolution -- Violent revolution -- Divisive revolution -- Revolution in foreign policy -- Revolution in political economy -- Revolution in the church -- Conclusion -- Assassination, association, and the consolidation of revolution -- Conclusion: the first modern revolution. 0aGreat BritainxHistoryyRevolution of 1688. 0aGreat BritainxHistoryyRevolution of 1688xHistoriography. 0aGreat BritainxHistoryyRevolution of 1688xSocial aspects. a7bcbccorignewd1eecipf20gy-gencatlg 2ddccBK c14774d14774 001040708NFICaCIPSbCIPScGENd2013-09-10l0o941.067 PIN 2009pCIPS0000885r2013-10-21w2013-10-21yBK